Lucky charms marshmallows Quiz Stats

 Plays Quiz not verified by Sporcle

Score 0/12 Timer 08:00
0 Plays Today
% Correct
rainbow
74.5%
horseshoe
62.7%
heart
60.8%
shooting star
56.9%
pot of gold
41.2%
blue moon
41.2%
hourglass
37.3%
baloon
13.7%
lucky clover
11.8%
keyhole
11.8%
future sight
5.9%
crystalball
5.9%

You're not logged in!

Compare scores with friends on all Sporcle quizzes.
OR
Log In

Show Comments

Extras

Created Nov 5, 2010ReportNominate
Tags:charm, lucky

Top Quizzes Today


Score Distribution

Your Account Isn't Verified!

In order to create a playlist on Sporcle, you need to verify the email address you used during registration. Go to your Sporcle Settings to finish the process.

Report this User

Report this user for behavior that violates our Community Guidelines.

Details: